Intellectual capital in business

Povaha duševného vlastníctva a ako spoločnosti implementujú inovatívne aktivity, ktoré sú zdrojom výkonu pre rast a konkurencieschopnosť domácich podnikov. Podstata intelektuálneho kapitálu, kľúčové pojmy a procesy. Strategický význam intelektuálneho kapitálu v súčasnej globálnej ekonomike.

Guardado en:
Detalles Bibliográficos
Autor principal: Matušovič, Martin
Formato: Capítulo de libro
Lenguaje:inglés
Materias:
Etiquetas: Agregar Etiqueta
Sin Etiquetas, Sea el primero en etiquetar este registro!

MARC

LEADER 00000nla a2200000 4500
001 0215777
005 20240522135130.4
041 0 |a eng 
044 |a SK 
245 1 0 |a Intellectual capital in business  |c Martin Matušovič 
520 |a Povaha duševného vlastníctva a ako spoločnosti implementujú inovatívne aktivity, ktoré sú zdrojom výkonu pre rast a konkurencieschopnosť domácich podnikov. Podstata intelektuálneho kapitálu, kľúčové pojmy a procesy. Strategický význam intelektuálneho kapitálu v súčasnej globálnej ekonomike. 
610 2 0 |a stratégia podnikateľská 
610 2 0 |a konkurencieschopnosť 
610 2 0 |a inovácia 
610 2 0 |a vlastníctvo duševné 
610 2 0 |a goodwill 
610 2 0 |a kapitál intelektuálny 
610 2 0 |a efektívnosť sociálno-ekonomická 
100 1 |a Matušovič, Martin